009680000a220016900045000410008000000820017000081000033000252450081000582600040001393000013001795050500001926500014006920010004007063360027007103370033007373380028007700 aSPA04aG 100 B8559i1 aBrightman, E. S. (1884-1953)10aIntroducción a la filosofía / E. S. Brighman; Teodora Efrón, Traductor aBuenos Aires, Argentina : La Aurora a336 Pag.00ael espíritu filosófico -- ¿cómo podemos distinguir la verdad del error? -- ¿de qué modo se refieren nuestras ideas a la realidad? -- ¿qué son las cosas físicas -- ¿qué son los conceptos universales y los valores? -- ¿qué es la conciencia? -- las principales concepciones del universo -- ¿es el universo una máquina? -- ¿tiene el universo un propósito? --¿cuál es el lugar de los valores religiosos en la vida? -- ¿cuál es el valor práctico de la filosofía?14aFILOSOFIA573 atextobtxt2rdacontent 2rdamediaasin mediaciónbn 2rdacarrieravolumenbnc